| Tag |
First Indicator |
Second Indicator |
Subfields |
| LEADER |
00000pam a2200000 a 4500 |
| 001 |
in00000098098 |
| 005 |
20150924085553.0 |
| 008 |
810924s1982 vaua b 00110 eng |
| 010 |
|
|
|a 81016662
|
| 020 |
|
|
|a 0809443007
|
| 020 |
|
|
|a 0809443015 (lib. bdg.)
|
| 020 |
|
|
|a 0809443023 (mail order ed.)
|
| 035 |
|
|
|a (OCoLC)07837641
|
| 035 |
|
|
|9 AAK9464AM
|
| 039 |
0 |
|
|a 2
|b 3
|c 3
|d 3
|e 3
|
| 040 |
|
|
|a DLC
|c DLC
|d TXA
|d UtOrBLW
|
| 049 |
|
|
|a TXAM
|c [933729]
|
| 050 |
0 |
0 |
|a QE521.2
|b W34 1982
|
| 082 |
0 |
|
|a 551.2/2
|2 19
|
| 100 |
1 |
|
|a Walker, Bryce S.
|
| 245 |
1 |
0 |
|a Earthquake /
|c by Bryce Walker and the editors of Time-Life Books.
|
| 264 |
|
1 |
|a Alexandria, Va. :
|b Time-Life Books,
|c [1982]
|
| 264 |
|
4 |
|c ©1982
|
| 300 |
|
|
|a 176 pages :
|b illustrations (some color) ;
|c 29 cm.
|
| 336 |
|
|
|a text
|b txt
|2 rdacontent
|
| 337 |
|
|
|a unmediated
|b n
|2 rdamedia
|
| 338 |
|
|
|a volume
|b nc
|2 rdacarrier
|
| 490 |
1 |
|
|a Planet earth
|
| 500 |
|
|
|a Includes index.
|
| 504 |
|
|
|a Bibliography: pages 173-174.
|
| 650 |
|
0 |
|a Earthquakes
|x Popular works.
|
| 710 |
2 |
|
|a Time-Life Books.
|
| 830 |
|
0 |
|a Planet earth.
|
| 999 |
|
|
|a MARS
|
| 999 |
f |
f |
|s fdc28269-b16e-3c03-8981-81e0dbc85a03
|i 384461b1-01f7-36c7-801d-3074d4f48184
|t 0
|
| 952 |
f |
f |
|p ric
|a Texas A&M University
|b Rellis Campus
|c Joint Library Facility
|s JLF
|d Remote Storage
|t 0
|e QE521.2 W34 1982
|h Library of Congress classification
|i unmediated -- volume
|m A14806327415
|
| 952 |
f |
f |
|p normal
|a Texas A&M University
|b College Station
|c Sterling C. Evans Library
|s Evans stk
|d Evans: Library Stacks
|t 0
|e QE521.2 W34 1982
|h Library of Congress classification
|i unmediated -- volume
|m A14806025089
|
| 998 |
f |
f |
|a QE521.2 W34 1982
|t 0
|l Remote Storage
|
| 998 |
f |
f |
|a QE521.2 W34 1982
|t 0
|l Evans: Library Stacks
|